00663nam a2200169Ia 4500008004100000020001800041050002400059082002300083100003100106245008900137260002700226300001100253500004700264650006400311952010100375999001700476121101s9999 xx 000 0 und d a968-422-847-3 aTS191.8 i4918 1990  a629.892 G873r 1990 aGroover, Mikell P. (Et-al) aRobotica industrial: Tecnología, programación y aplicaciones / Mikell P. Groover aMéxico : McGraw-Hill a600 p. aTraducción de: Sebastian Dormido Bencomo a1. ROBÓTICA INDUSTRIAL 2. LENGUAJES Y PROGRAMACIÓN.Ì 00104070a12b12d2008-11-28l0oTS191.8 I4918 1990 p12 001718r2015-04-22t2w2012-11-01yLB c87384d87384